FIFA Women's World Cup Winners - Statistics

General Stats
  • This quiz has been taken 46 times
  • The average score is 7 of 9
Answer Stats
Year Host Winner % Correct
2019 France United States
100%
2015 Canada United States
95%
2023 Australia & New Zealand Spain
92%
1999 United States United States
87%
2011 Germany Japan
82%
1991 China United States
76%
2007 China Germany
74%
2003 United States Germany
74%
1995 Sweden Norway
66%
No matching quizzes found
Score Distribution
Percent of People with Each Score
Percentile by Number Answered
Your Score History
You have not taken this quiz